000 00280nam a22001337a 4500
008 181022b xxu||||| |||| 00| 0 eng d
020 _a9780737708509
041 _aeng
080 _a574
100 _a9
101 _aMJE
245 _aBiodiversity
_cWilliam.D
942 _2udc
_cBK
999 _c50439
_d50439